La filosofía trágica de Albert Camus : el tránsito del absurdo a la rebelión /

Պահպանված է:
Մատենագիտական մանրամասներ
Հիմնական հեղինակ: Ramírez Medina, Angel (autor)
Ձևաչափ: Գիրք
Լեզու:իսպաներեն
Հրապարակվել է: Málaga, España : Universidad de Málaga, Campus de Teatinos, 2001, c2001
Շարք:(Analecta Malacitana. Anejo ; 35)
Խորագրեր:
Ցուցիչներ: Ավելացրեք ցուցիչ
Չկան պիտակներ, Եղեք առաջինը, ով նշում է այս գրառումը!

MARC

LEADER 00000nam^a2200000^a^4500
001 000397346
005 20250521000000.0
009 20260526143422.663
020 |a 84-95073-19-6 
037 |a Acervo Xavier Clavigero 
041 |a ESP 
082 |a 840. 94408  |b RAM 
100 |a Ramírez Medina, Angel  |e (autor) 
245 1 3 |a La filosofía trágica de Albert Camus :  |b el tránsito del absurdo a la rebelión /  |c A. Ramírez Medina. 
264 4 |a Málaga, España :  |b Universidad de Málaga, Campus de Teatinos,  |c 2001, c2001 
300 |a 171 p. 
336 |a texto  |b txt  |2 rdacontenido 
337 |a sin mediación  |b n  |2 rdamedio 
338 |a volumen  |b nc  |2 rdasoporte 
440 1 |a (Analecta Malacitana.  |p Anejo ;  |v 35) 
545 0 |a Albert Camus (Mondovi, Argelia, 1913-Villeblevin, Yonne, 1960), novelista, ensayista y dramaturgo francés. Nacido en Argelia en una familia francesa, estudió en Argel. Ya en París, desde 1940, participó en la resistencia; durante la posguerra fue jefe de redacción del periódico Combat. Alcanzó el éxito literario con sus novela El extranjero (1942), La peste (1947), La muerte feliz (publicada de manera póstuma, en 1971); los ensayos El mito de Sísifo (1942), El hombre rebelde (1951); los libros de cuentos La caída (1956), El exilio y el reino (1957); una serie de obras de teatro: El malentendido (1944), Calígula (1938), El estado de sitio (1948), Los justos (1950), así como con adaptaciones dramáticas de obra de Faulkner, Lope de Vega y Dostoievski. Tema central en su obra es la problemática del absurdo: el hombre busca una justificación a su existencia y no la encuentra, por lo que se convierte en un extraño para sí mismo; la reflexión existencialista de Camus cercana y contemporánea a la de Sartre, gradualmente se traslada de los temas de la soledad y la muerte, hacia la esperanza y la solidaridad humana como posibles soluciones a su drama. 
586 |a Premio Nobel de Literatura 1957: Biografías, crítica e interpretación 
649 |a XX 
650 |a Escritores Franceses 
650 |a Filósofos Franceses 
650 |a Literatura Francesa -  |x Historia y Crítica 
650 |a Existencialismo Ateo en la Literatura -  |z Francia -  |x Historia y Crítica 
650 |a Existencialismo Ateo -  |z Francia -  |x Historia y Crítica 
650 |a Filosofía y Literatura -  |z Francia -  |x Historia y Crítica 
650 |a Filosofía del Siglo XX -  |x Historia y Crítica 
650 |a Filosofía Francesa -  |x Historia y Crítica 
650 |a Camus, Albert -  |x Tema Principal 
910 |a Fondo General 
920 |a Impresos - Libros 
930 |a Colección General 
940 |a Literatura 
905 |a 101 
901 |a 072076  |b IT1  |c LIT  |u 20250521 
902 |a https://opac.biblio.iteso.mx/vufind/Record/000397346